000 00595nam a2200241Ia 4500
003 OSt
005 20220924151010.0
006 a|||||r|||| 00| 0
007 ta
008 220923b |||||||| |||| 00| 0 kan d
020 _c60
024 _a335593
037 _cTextual
040 _aARTS
_cARTS
_bkan
041 _2kan
_akan
082 _aY:6.2, 33P2
100 _aDaivadnya Gangadhar
_9223384
245 0 _aShirasangi kalamma
260 _c2002
650 _aSCULPTURE
_942083
942 _hY:6.2, 33P2
_cTEXL
_2CC
999 _c465240
_d465240